Statistics for Asia Quiz

Click here to take the quiz!

General Stats

  • This quiz has been taken 6 times
  • The average score is 43 of 48

Answer Stats

QuestionAnswer% Correct
This country, the birthplace of Joseph Stalin, is bordered by 4 Azerbaijani exclaves.Armenia
100%
This island in the Persian Gulf is connected to Saudi Arabia by the King Fadh CausewayBahrain
100%
This Buddhist Monarchy is entirely within the Himalayas.Bhutan
100%
This country's capital is at Bandar Seri Begawan.Brunei
100%
This country is split to Turkey in the north, the UK with naval bases in the south, and one other.Cyprus
100%
This country is the largest archipelago in the world, with over 15,000 islands.Indonesia
100%
This country has borders on both the Caspian and Arabian seas.Iran
100%
This Arab country is home to the Euphrates in the south and the Tigris in the north.Iraq
100%
This country borders Egypt to the west, Lebanon to the north.Israel
100%
This country consists of four major islands. Hokkaido, Honshu, Shikoku and Kyushu.Japan
100%
This Arab country shares a border on the Gulf of Aqaba with Israel.Jordan
100%
This country is the larger of the two countries bordering the disappearing Aral Sea.Kazakhstan
100%
This country orders Iraq to the north, Saudi Arabia to the south.Kuwait
100%
Beirut is the capital of this Mediterranean countryLebanon
100%
This country borders Thailand, Indonesia and 2 othersMalaysia
100%
The official language of this island archipelago is DhivehiMaldives
100%
This country is the least densely populated country in the world, with about 5 people per square mile.Mongolia
100%
This country, on the Arabian Peninsula, is bordered by the UAE and YemenOman
100%
This Arabian country on the Persian Gulf is the host of the 2022 FIFA World Cup FinalsQatar
100%
This country is home to the cities of Mecca, Medina, and JeddahSaudi Arabia
100%
This country is the only island city state in the world.Singapore
100%
The city of Busan is in the southwestern part of this country.South Korea
100%
This country is connected to India by Ram's bridge, a land bridge supposedly built by Hanuman and his monkey army.Sri Lanka
100%
This island country is located directly southeast of China.Taiwan
100%
The Bosphorus strait splits this country into Europe and Asia.Turkey
100%
This country consists of 7 sheikhdoms, the largest of which being Abu Dhabi.United Arab Emirates
100%
This country is home to Ankgor Wat.Cambodia
83%
The largest city in the northwest of this country is Ürümqi.China
83%
This country is home to the de facto sovereign states of Abkhazia and South Ossetia.Georgia
83%
This country the only landlocked country on the Indo-China peninsula.Laos
83%
This country was formerly named Burma.Myanmar
83%
This country has an 18km border with Russia, the shortest land border on the continent.North Korea
83%
The Indus River runs through the center of this country.Pakistan
83%
This island was a Spanish colony until 1898, when the USA took over.Philippines
83%
This country is home to the ities of Aleppo and Damascus.Syria
83%
This country borders Kyrgyzstan to the north and China to the east.Tajikistan
83%
This county is home to the city of Chang Mai, in the Mae Chaem district.Thailand
83%
This country borders Indonesia via the island of Timor.Timor-Leste
83%
This country is one of the two double landlocked countries in the world.Uzbekistan
83%
This country is home to Ho Chi Mihn City.Vietnam
83%
This country owns the island of Socotra, off the coast of Somalia.Yemen
83%
This capital city of this country is situated on the Absheron peninsula.Azerbaijan
67%
There are over 88 major mountain ranges in this central asian country.Kyrgyzstan
67%
This country is the only country with a pennant shaped flag.Nepal
67%
This country is home to the Darvaza Gas Crater, a gas pit that has been on fire since 1971.Turkmenistan
67%
This country is home to the mouths of the Ganges and Brahmaputra Rivers.Bangladesh
50%
The highest point of this country is in the state of Sikkim, near the city of Gangtok.India
50%
This country is home to the Wakhan Corridor.Afghanistan
33%

Score Distribution

Percentile by Number Answered

Percent of People with Each Score

Your Score History

You have not taken this quiz